LEADER 00965cam0-22003491i-450- 001 990004133110403321 005 20100622132934.0 035 $a000413311 035 $aFED01000413311 035 $a(Aleph)000413311FED01 035 $a000413311 100 $a19990604d1960----km-y0itay50------ba 101 0 $aita 102 $aIT 105 $ay-------001yy 200 1 $a<>operaio" nel pensiero di Ernst Jünger$fJ. Evola 210 $aRoma$cA. Armando$d1960 215 $a117 p.$d20 cm 225 1 $a<>problemi della pedagogia$v52 610 0 $aOperai 676 $a305.5 676 $a320.01 700 1$aEvola,$bJulius$f<1898-1974>$0160627 801 0$aIT$bUNINA$gRICA$2UNIMARC 901 $aBK 912 $a990004133110403321 952 $a320.01 EVO 1$bIST.PED.504$fFLFBC 952 $a320.01 EVO 1 BIS$bBIBL.36015$fNAP03 959 $aFLFBC 959 $aNAP03 996 $a"operaio" nel pensiero di Ernst Junger$989599 997 $aUNINA LEADER 00809nam0-2200277 --450 001 9910363657603321 005 20200116115658.0 010 $a9780679738077 100 $a20200116d1991----kmuy0itay5050----ba 101 0 $aeng 200 1 $aBeyond numeracy$eruminations of a numbers man /$fJohn Allen Paulos 205 $a1st ed. 210 $aNew York$cAlfred A. Knopf$d1991 215 $axiii, 285 p.$cill.$d24 cm 300 $aIncludes index. 320 $aIncludes bibliographical references (p. [277]-279). 610 0 $aMathematics 676 $a510.3 700 1$aPaulos,$bJohn Allen$0603843 801 0$aIT$bUNINA$gRICA$2UNIMARC 901 $aBK 912 $a9910363657603321 952 $aMXXIII-A-243$binserire inventario$fMAS 959 $aMAS 996 $aBeyond numeracy$91570569 997 $aUNINA LEADER 03752nam 2200565 450 001 9910583315103321 005 20170510074538.0 010 $a0-08-101038-9 035 $a(CKB)4340000000022380 035 $a(CaSebORM)9780081010389 035 $a(MiAaPQ)EBC4760972 035 $a(PPN)199248001 035 $a(EXLCZ)994340000000022380 100 $a20161219h20172017 uy| 0 101 0 $aeng 135 $aurcnu|||||||| 181 $2rdacontent 182 $2rdamedia 183 $2rdacarrier 200 00$aHigh dynamic range video $econcepts, technologies, and applications /$fedited by Alan Chalmers, University of Warwick, Coventry, United Kingdom [and three others] 205 $aFirst edition. 210 1$aAmsterdam :$cAcademic Press,$d[2017] 210 4$d©2017 215 $a1 online resource (286 pages) $ccolor illustrations 311 $a0-12-809477-X 320 $aIncludes bibliographical references and index. 327 $aGhosting in HDR Video / A.O. Akyu?z, O.T. Tursun, J. Hasic?-Telalovic? and K. Kara?uzovic?-Hadz?iabdic? -- Creating HDR Video Using Retargetting / F. Banterle and J. Unger -- HDR Multiview Image Sequence Generation: Toward 3D HDR Video / R.R. Orozco, C. Loscos, I. Martin and A. Artusi -- Calibrated Measurement of Imager Dynamic Range / B. Karr, K. Debattista and A. Chalmers -- HDR Video Metrics / M. C?adi?k and T.Ozan Ayd?n -- Practical Backwards Compatible High Dynamic Range Compression / K. Debattista, T. Bashford Rogers and A. Chalmers -- Real-Time HDR Video Processing and Compression Using an FPGA / P. Zemc?i?k, P. Musil and M. Musil -- Live HDR Video Broadcast Production / I.G. Olaizola, A?. Marti?n and J. Gorostegui -- HDR Video on Small Screen Devices / M. Melo, M. Bessa, K. Debattista and A. Chalmers -- Gaze-Dependent Tone Mapping for HDR Video / R. Mantiuk -- Improving Tracking Accuracy Using Illumination Neutralization and High Dynamic Range Imaging / N. Ladas, Y. Chrysanthou and C. Loscos -- Factors Influencing the Widespread Uptake of HDR Video / C. Moir and A. Chalmers. 330 $aHigh Dynamic Range Video: Concepts, Technologies and Applications gives an introduction to a full range of topics within the end-to-end HDR video pipeline, covering the issues around capturing HDR and stereo HDR video, such as ghosting and use of legacy LDR systems, how HDR video can be manipulated, including real-time mixing, the very latest designs for HDR displays, HDR video on mobile devices, and the applications of HDR video. With this book, the reader will gain an overview of the current state-of-the art of HDR video, learn the potential of HDR video to provide a step change to a wide range of imaging applications, and attain the knowledge needed to introduce HDR video in their own applications. Written by experts who have been actively researching High Dynamic Range Video Covers a full range of topics within the end-to-end HDR video pipeline Provides applications that demonstrate how HDR video can be applied 606 $aImage processing$xDigital techniques 606 $aDigital video 606 $aImaging systems$xImage quality 606 $aVideo compression 606 $aCoding theory 606 $aImage compression 615 0$aImage processing$xDigital techniques. 615 0$aDigital video. 615 0$aImaging systems$xImage quality. 615 0$aVideo compression. 615 0$aCoding theory. 615 0$aImage compression. 676 $a777 700 $aChalmers$b Alan$045687 702 $aChalmers$b Alan 801 0$bMiAaPQ 801 1$bMiAaPQ 801 2$bMiAaPQ 906 $aBOOK 912 $a9910583315103321 996 $aHigh dynamic range video$92245966 997 $aUNINA LEADER 01747nam 2200541 a 450 001 9910791720803321 005 20161219111443.0 010 $a1-4522-3150-8 010 $a0-7619-1240-1 010 $a1-4522-6756-1 035 $a(CKB)2560000000089957 035 $a(EBL)997055 035 $a(OCoLC)809773871 035 $a(SSID)ssj0000675661 035 $a(PQKBManifestationID)12347695 035 $a(PQKBTitleCode)TC0000675661 035 $a(PQKBWorkID)10669565 035 $a(PQKB)11360444 035 $a(MiAaPQ)EBC997055 035 $a(OCoLC)1007858428 035 $a(StDuBDS)EDZ0000085137 035 $a(EXLCZ)992560000000089957 100 $a20120516d1998 fy 0 101 0 $aeng 135 $aur||||||||||| 181 $ctxt 182 $cc 183 $acr 200 00$aHow advertising works$b[electronic resource] $ethe role of research /$fedited by John Philip Jones 210 $aThousand Oaks, Calif. ;$aLondon $cSAGE$dc1998 215 $a1 online resource (358 p.) $cill., facsims 300 $aDescription based upon print version of record. 311 $a1-322-42113-7 311 $a0-7619-1241-X 320 $aIncludes bibliographical references and indexes. 330 8 $aBringing together the theory and practice of advertising, this is an authoritative handbook of the research procedures which determine effective advertising. 606 $aAdvertising 606 $aAdvertising$xResearch 615 0$aAdvertising. 615 0$aAdvertising$xResearch. 676 $a659.1 701 $aJones$b John Philip$0520552 801 0$bStDuBDS 801 1$bStDuBDS 906 $aBOOK 912 $a9910791720803321 996 $aHow advertising works$93768052 997 $aUNINA LEADER 01604nam 2200445 450 001 9910777093503321 005 20230419172039.0 010 $a9788418177316$b(electronic bk.) 035 $a(MiAaPQ)EBC30293456 035 $a(Au-PeEL)EBL30293456 035 $a(CKB)25723638000041 035 $a(OCoLC)1356003490 035 $a(EXLCZ)9925723638000041 100 $a20230419d2022 uy 0 101 0 $aspa 135 $aurcnu|||||||| 181 $ctxt$2rdacontent 182 $cc$2rdamedia 183 $acr$2rdacarrier 200 10$aActitudes y conducta, influencia social y comportamiento colectivo /$fCarolina Vazquez Rodriguez, M. Carmen Terol Cantero, and Maite Martin-Aragon Gelabert 205 $a1st ed. 210 1$aMadrid, Spain :$cUniversidad Miguel Hernandez,$d[2022] 210 4$d©2022 215 $a1 online resource (108 pages) 311 08$aPrint version: Vázquez Rodríguez, Carolina Actitudes y Conducta, Influencia Social y Comportamiento Colectivo Elche : Universidad Miguel Hernández,c2022 320 $aIncludes bibliographical references and index. 606 $aCollective behavior 606 $aSocial psychology 615 0$aCollective behavior. 615 0$aSocial psychology. 676 $a301.15 700 $aVazquez Rodriguez$b Carolina$01556457 702 $aTerol Cantero$b M. Carmen 702 $aMartin-Aragon Gelabert$b Maite 801 0$bMiAaPQ 801 1$bMiAaPQ 801 2$bMiAaPQ 912 $a9910777093503321 996 $aActitudes y conducta, influencia social y comportamiento colectivo$93819155 997 $aUNINA LEADER 01015nam a2200253 i 4500 001 991003516169707536 008 080327s2007 enk b 001 0 eng d 020 $a9780521863315 035 $ab13708351-39ule_inst 040 $aDip.to Studi Giuridici$bita 082 0 $a305.800937 100 1 $aFarney, Gary D.,$d1969-$0505692 245 10$aEthnic identity and aristocratic competition in republican Rome /$cGary D. Farney 260 $aCambridge ;$aNew York :$bCambridge University Press,$c2007 300 $a337 p. :$bill. ;$c24 cm 504 $aCon bibliografia (p. 297-322) 650 04$aIdentità etnica$zRoma antica 650 04$aAristocrazia$zRoma antica 907 $a.b13708351$b02-04-14$c27-03-08 912 $a991003516169707536 945 $aLE027 R-XV/A 35$g1$i2027000178278$lle027$o-$pE65.00$q-$rl$s- $t0$u0$v0$w0$x0$y.i14747765$z09-05-08 996 $aEthnic identity and aristocratic competition in republican Rome$9804201 997 $aUNISALENTO 998 $ale027$b27-03-08$cm$da $e-$feng$gxxk$h0$i0 LEADER 02452nas 2200661-a 450 001 9910146965903321 005 20240911213022.0 035 $a(CKB)111032812854708 035 $a(CONSER)---87642811- 035 $a(EXLCZ)99111032812854708 100 $a19870521a19869999 -a- a 101 0 $aeng 181 $ctxt$2rdacontent 182 $cc$2rdamedia 183 $acr$2rdacarrier 200 10$aNational trade estimate ... report on foreign trade barriers /$fOffice of the United States Trade Representative 210 $aWashington, D.C. $cThe Office $cFor sale by the Supt. of Docs., U.S. G.P.O.$d[1986?-] 215 $a1 online resource 300 $aNo longer distributed to depository libraries in paper after <2004>. 311 08$aPrint version: National trade estimate ... report on foreign trade barriers / 0898-3887 (DLC) 87642811 (OCoLC)15720036 517 3 $aForeign trade barriers 531 0 $aNatl. trade estim. rep. foreign trade barriers 606 $aExports$zUnited States$vPeriodicals 606 $aInvestments, American$vPeriodicals 606 $aCommercial policy$vPeriodicals 606 $aTariff$vPeriodicals 606 $aCountertrade$vPeriodicals 606 $aCommercial policy$2fast$3(OCoLC)fst00869569 606 $aCountertrade$2fast$3(OCoLC)fst00881346 606 $aExports$2fast$3(OCoLC)fst00918764 606 $aInvestments, American$2fast$3(OCoLC)fst00978314 606 $aTariff$2fast$3(OCoLC)fst01143154 606 $aAußenhandelsbeschränkung$2stw 606 $aNichttarifäre Handelshemmnisse$2stw 606 $aWelt$2stw 607 $aUnited States$xCommercial policy$vPeriodicals 607 $aUnited States$2fast$1https://id.oclc.org/worldcat/entity/E39PBJtxgQXMWqmjMjjwXRHgrq 608 $aPeriodicals.$2fast 608 $aPeriodicals.$2lcgft 615 0$aExports 615 0$aInvestments, American 615 0$aCommercial policy 615 0$aTariff 615 0$aCountertrade 615 7$aCommercial policy. 615 7$aCountertrade. 615 7$aExports. 615 7$aInvestments, American. 615 7$aTariff. 615 7$aAußenhandelsbeschränkung. 615 7$aNichttarifäre Handelshemmnisse. 615 7$aWelt. 676 $a382/.05 906 $aJOURNAL 912 $a9910146965903321 920 $aexl_impl conversion 996 $aNational trade estimate report on foreign trade barriers$91934279 997 $aUNINA